000 00993cam a2200253 i 4500
003 SA-RiAUC
005 20250502145233.0
008 250502s1971 sj g 000 p ara c
040 _aSA-JeALM
_bara
_cSA-RiAUC.
_erda
082 0 4 _a811.9624
_qSA-RiAUC
090 _a811.9624
_b ط ي ب
100 1 _aالطيب، عبد الله،
_d1921-2003
_eمؤلف.
245 1 0 _aالتماسة عزاء بين الشعراء /
_cعبد الله الطيب.
250 _aالطبعة الأولى.
264 1 _aالخرطوم :
_bالدار السودانية للكتب،
_c1971
300 _a248 صفحة ؛
_c24 سم
336 _aنص
_btxt
_2rdacontent
_3كتاب
337 _aبدون وسيط
_bn
_2rdamedia
338 _aمجلد
_bnc
_2rdacarrier
500 _aإهداء من المؤلف عبدالله الطيب بتاريخ 1391 هـ
650 7 _aالشعر العربي
_zالسودان
_yقرن 20
_2aucsh
942 _2ddc
_cBOOK
_n0
949 _aSA-JeALM
_d250502
_umohamedma123
_n1
999 _c7513
_d7513